U.S. Cities With The Most Foreign Tourists - Statistics

General Stats
  • This quiz has been taken 2,955 times
  • The average score is 16 of 20
Answer Stats
# of Tourists Change (%) City % Correct
6,992,000 + 244.1 New York City
100%
2,750,000 + 288.4 Los Angeles
99%
4,086,000 + 48.1 Miami
99%
1,061,000 + 272.3 Chicago
97%
1,739,000 + 615.6 San Francisco
97%
738,000 + 261.8 Boston
96%
453,000 + 134.7 Dallas
94%
596,000 + 88 Houston
93%
412,000 + 252.1 Seattle
93%
1,167,000 + 282.6 Washington D.C.
92%
1,660,000 + 490.7 Las Vegas
90%
2,920,000 + 138.8 Orlando
90%
326,000 + 178.6 Philadelphia
90%
558,000 + 376.9 San Diego
88%
362,000 + 85.6 Atlanta
85%
340,000 + 78.9 Tampa
76%
711,000 + 1,480 Honolulu
73%
395,000 + 480.9 Anaheim
26%
675,000 + 33.4 Fort Lauderdale
25%
400,000 + 1,042.9 Flagstaff
8%
No matching quizzes found
Score Distribution
Percent of People with Each Score
Percentile by Number Answered
Your Score History
You have not taken this quiz